|
|
|
|
| LEADER |
00000nab#a22000007a#4500 |
| 001 |
arbauad004951 |
| 003 |
AR-BaUAD |
| 005 |
20250711110655.0 |
| 008 |
940726|||||||||###||||||b###|0###a|spa|| |
| 040 |
|
|
|a AR-BaUAD
|c AR-BaUAD
|b spa
|
| 100 |
|
|
|a Zaldívar, Sergio
|
| 245 |
|
|
|a Pequeños poblados :
|b conservación de pequeños poblados /
|c Sergio Zaldívar;
|
| 300 |
0 |
|
|b fot.
|
| 653 |
|
|
|a ASENTAMIENTOS URBANOS
|
| 653 |
|
|
|a PRESERVACION URBANA
|
| 653 |
|
|
|a URBANISMO
|
| 773 |
0 |
|
|t DANA
|g no. 15 [mayo 1983], p. 74-77
|
| 942 |
|
|
|c ARTI
|
| 952 |
|
|
|0 0
|1 0
|4 0
|7 0
|9 49871
|a AR-BAuAD
|b AR-BAuAD
|d 2025-07-11
|l 0
|p AAQA004951
|r 2025-07-11 11:06:55
|w 2025-07-11
|y ARTI
|
| 990 |
|
|
|a U198
|b TD
|
| 998 |
|
|
|a AAQ
|b BIBUN76
|
| 999 |
|
|
|c 29544
|d 29544
|